00480nam a2200169 a 450000100100000000500170001000800410002702000150006804000250008308200200010810000310012824500450015926000430020430000210024765000190026865000230028700002207720200930011555.0100916s1997 cl 000 f spa d a9562390160 aDO-SdBNPbspacBNPHU aCh863.44bD687j1 aDonoso, José,d1924-199613aEl Jardín de al lado /cJosé Donoso. aSantiago de Chile :bAlfaguara,c1997. a274 p. ;c22 cm. 4aNovela chilena 4aLiteratura chilena